Sectoral and regional impact of the fiscal squeeze (Record no. 111362)

MARC details
000 -LEADER
fixed length control field 01057cad a22002055a 4500
001 - CONTROL NUMBER
control field L151433
008 - FIXED-LENGTH DATA ELEMENTS--GENERAL INFORMATION
fixed length control field 101105s2010 xxk f 000 0 eng d
035 ## - SYSTEM CONTROL NUMBER
System control number (Sirsi) u151433
041 0# - LANGUAGE CODE
Language code of text/sound track or separate title eng
050 04 - LIBRARY OF CONGRESS CALL NUMBER
Classification number 352.4941 $2 18
110 2# - MAIN ENTRY--CORPORATE NAME
Corporate name or jurisdiction name as entry element PriceWaterhouseCoopers
9 (RLIN) 3793
245 00 - TITLE STATEMENT
Title Sectoral and regional impact of the fiscal squeeze
Remainder of title an economic analysis of the impact of spending cuts and tax rises
Medium [electronic resource]
260 ## - PUBLICATION, DISTRIBUTION, ETC.
Place of publication, distribution, etc. [S.l.]
Name of publisher, distributor, etc. PwC
Date of publication, distribution, etc. 2010
520 ## - SUMMARY, ETC.
Summary, etc. Estimates the effects of the public sector spending cuts to 2014-15; the job market in the public and private sectors; the government's fiscal plans; the implications for private sector industries; implications for different regions across the UK; analysis of the construction sector.
590 ## - LOCAL NOTE (RLIN)
Local note KA NTK
651 #4 - SUBJECT ADDED ENTRY--GEOGRAPHIC NAME
Geographic name United Kingdom
Chronological subdivision
690 ## - LOCAL SUBJECT ADDED ENTRY--TOPICAL TERM (OCLC, RLIN)
Topical term or geographic name as entry element MANAGEMENT-BUSINESS MANAGEMENT-FINANCIAL MANAGEMENT
856 40 - ELECTRONIC LOCATION AND ACCESS
Uniform Resource Identifier <a href="https://www.ukmediacentre.pwc.com/imagelibrary/downloadMedia.ashx?MediaDetailsID=1802">https://www.ukmediacentre.pwc.com/imagelibrary/downloadMedia.ashx?MediaDetailsID=1802</a>
Public note View the website free of charge at www.ukmediacentre.pwc.com
942 ## - ADDED ENTRY ELEMENTS (KOHA)
Suppress in OPAC 0
Holdings
Withdrawn status Lost status Source of classification or shelving scheme Damaged status Not for loan Home library Current library Shelving location Date acquired Total Checkouts Full call number Barcode Date last seen Copy number Price effective from Koha item type
    Dewey Decimal Classification     Virtual Virtual Online 05/11/2010   ONLINE PUBLICATION 151433-1001 06/08/2019 1 06/08/2019 Book